• 首页
  • 本馆介绍
  • 公告通知
  • 最新文献
  • 馆藏检索
  • 电子资源
  • 读者导购
  • 参考咨询
  • 我的图书馆
  • 登录
  • 详细信息显示
  • 放入我的书架
  • 预约/预借图书
  • 作者相关作品
  • 分类相关作品
  • 丛书相关作品
  • 出版社相关作品

书目信息

  • 表格格式
  • 工作单格式
  • 卡片格式
题名:
MATLAB R2007基础教程
    
 
作者: 刘慧颍 编著
分册:  
出版信息: 北京   清华大学出版社  2008.07
页数: 361页
开本: 26cm
丛书名:
单 册:
中图分类: TP391.75
科图分类:
主题词: 计算机辅助计算--ji suan ji fu zhu ji suan--软件包,MATLAB R2007--高等学校--教材 , 算法语言--suan fa yu yan
电子资源:
ISBN: 978-7-302-18014-2
000 01031nam0 2200265 450
001 0106081904
005 20201106082047.0
010    @a978-7-302-18014-2@dCNY56.00
100    @a20201105w20192008em y0chiy50 ea
101 0  @achi
102    @aCN@b110000
105    @ay z 000yy
106    @ar
200 1  @aMATLAB R2007基础教程@AMATLAB R2007 ji chu jiao cheng@f刘慧颖编著
210    @a北京@c清华大学出版社@d2008.07@h2019.11
215    @a361页@d26cm
300    @a高等学校计算机应用规划教材
330    @a本书共分13章,详细介绍了MATLABR2007的基本用法,利用MATLAB进行科学计算、编写程序、绘制图形等。包括MATLABR2007b简介、MATLABR2007b程序设计、MATLAB的符号计算功能、MATLAB绘图、Simulink的建模与仿真、文件和数据的导入与导出。
606 0  @a计算机辅助计算@Aji suan ji fu zhu ji suan@x软件包,MATLAB R2007@x高等学校@j教材
606 0  @a算法语言@Asuan fa yu yan
610 0  @aMATLAB@AMATLAB
690    @aTP391.75@v5
701  0 @a刘慧颍@Aliu hui ying@4编著
801  0 @aCN@bBJSZM@c20201106
905    @b1194020-3@dTP391.75@e1945@f4
    
    MATLAB R2007基础教程/刘慧颖编著.-北京:清华大学出版社,2008.07(2019.11)
    361页;26cm
    高等学校计算机应用规划教材
    
    ISBN 978-7-302-18014-2:CNY56.00
    本书共分13章,详细介绍了MATLABR2007的基本用法,利用MATLAB进行科学计算、编写程序、绘制图形等。包括MATLABR2007b简介、MATLABR2007b程序设计、MATLAB的符号计算功能、MATLAB绘图、Simulink的建模与仿真、文件和数据的导入与导出。
●
相关链接 在E读中查询图书 在五车中查询图书 在当当中查询图书 在豆瓣中查询图书


正题名:MATLAB R2007基础教程     索取号:TP391.75/1945         预约/预借

序号 登录号 条形码 馆藏地/架位号 状态 备注
1 1194020   211940202   第二样本阅览室/ [索取号:TP391.75/1945] 在馆    
2 1194021   211940211   第三借阅区/ [索取号:TP391.75/1945] 在馆    
3 1194022   211940220   第三借阅区/ [索取号:TP391.75/1945] 在馆    
4 1194023   211940239   第三借阅区/ [索取号:TP391.75/1945] 在馆    
唐山师范学院图书馆 欢迎您!
大连网信软件有限公司© 版权所有